[Event "Hamburg-ch Seniors 65+ op 26th"]
[Site "Hamburg"]
[Date "2019.11.15"]
[Round "5"]
[White "Behrensen Senfft, Joern"]
[Black "Krotofil, Kurt"]
[Result "0-1"]
[WhiteElo "1681"]
[BlackElo "1864"]
[PlyCount "61"]
[EventDate "2019.11.11"]
[EventType "swiss"]
[EventRounds "9"]
[EventCountry "GER"]
[SourceTitle "EXT 2022"]
[Source "ChessBase"]
[SourceDate "2021.10.06"]
[SourceVersion "1"]
[SourceVersionDate "2021.10.06"]
[SourceQuality "1"]

1. d4 Nf6 2. Nf3 e6 3. e3 b6 4. Bd3 Bb7 5. 0-0 Be7 6. c4 0-0 7. b3 d5 8. Nbd2 Nbd7 9. Bb2 Rc8 10. Ne5 c5 11. f4 cxd4 12. exd4 Rc7 13. Rc1 Qa8 14. Nxd7 Nxd7 15. Bxh7+ Kxh7 16. Qh5+ Kg8 17. Rf3 Nf6 18. Qh3 dxc4 19. Rg3 Be4 20. Nxe4 Qxe4 21. Rxg7+ Kxg7 22. Qg3+ Qg6 23. Qf3 c3 24. Ba1 Nd5 25. g4 Ba3 26. Re1 c2 27. f5 exf5 28. Qxd5 Qxg4+ 29. Kh1 c1Q 30. Qe5+ f6 31. d5 0-1

[Event "Hamburg-ch Seniors 65+ op 26th"]
[Site "Hamburg"]
[Date "2019.11.14"]
[Round "4"]
[White "Krotofil, Kurt"]
[Black "Hawranke, Dietrich"]
[Result "0-1"]
[WhiteElo "1864"]
[BlackElo "2079"]
[PlyCount "90"]
[EventDate "2019.11.11"]
[EventType "swiss"]
[EventRounds "9"]
[EventCountry "GER"]
[SourceTitle "EXT 2022"]
[Source "ChessBase"]
[SourceDate "2021.10.06"]
[SourceVersion "1"]
[SourceVersionDate "2021.10.06"]
[SourceQuality "1"]

1. d4 Nf6 2. c4 g6 3. Nc3 d5 4. Bg5 Ne4 5. Nxe4 dxe4 6. Qd2 Bg7 7. Rd1 Nc6 8. e3 h6 9. Bh4 Bf5 10. Ne2 a5 11. Nc3 Qd7 12. Be2 0-0 13. 0-0 g5 14. Bg3 Bg6 15. Nb5 Rac8 16. a3 b6 17. Qc2 Nd8 18. d5 Nb7 19. Rd2 Nd6 20. Nxd6 exd6 21. a4 f5 22. f4 exf3 23. Rxf3 Rce8 24. Bd3 g4 25. Rf1 Rxe3 26. Bf4 Re7 27. Re2 Rxe2 28. Bxe2 Qe7 29. Qd2 Kh7 30. Bd3 Qf6 31. b3 Re8 32. Kf2 Qh4+ 33. Kg1 Qf6 34. Re1 Rxe1+ 35. Qxe1 Qd4+ 36. Qe3 Qc3 37. Qe2 Qxb3 38. Bc2 Qb2 39. Kf2 Bd4+ 40. Kg3 Qc3+ 41. Bd3 Be5 42. Qe3 Qd4 43. Qxd4 Bxd4 44. h3 h5 45. Bg5 f4+ 0-1

[Event "Hamburg-ch Seniors 65+ op 26th"]
[Site "Hamburg"]
[Date "2019.11.13"]
[Round "3"]
[White "Berking, Bernhard"]
[Black "Krotofil, Kurt"]
[Result "0-1"]
[WhiteElo "1627"]
[BlackElo "1864"]
[PlyCount "76"]
[EventDate "2019.11.11"]
[EventType "swiss"]
[EventRounds "9"]
[EventCountry "GER"]
[SourceTitle "EXT 2022"]
[Source "ChessBase"]
[SourceDate "2021.10.06"]
[SourceVersion "1"]
[SourceVersionDate "2021.10.06"]
[SourceQuality "1"]

1. c4 Nf6 2. Nc3 c5 3. Nf3 Nc6 4. d4 cxd4 5. Nxd4 g6 6. g3 d6 7. Bg2 Bd7 8. 0-0 Bg7 9. Be3 Ng4 10. Nxc6 Nxe3 11. Qd3 Bxc6 12. Qxe3 Bxg2 13. Kxg2 0-0 14. Rac1 Qd7 15. b3 Rfc8 16. Rfd1 b6 17. Rd3 Rc5 18. Qf3 Rac8 19. Rd5 Qe6 20. Rxc5 Rxc5 21. Qa8+ Bf8 22. Nd5 Qc8 23. Qxa7 Rxd5 24. Rc3 Ra5 25. Qxb6 Rxa2 26. e4 Qc5 27. Qxc5 dxc5 28. Rd3 Rb2 29. Rf3 Bg7 30. g4 Bd4 31. h4 f6 32. g5 Kf7 33. Kg3 Ke6 34. Kg2 Ke5 35. gxf6 exf6 36. Kg3 Rxf2 37. Rxf2 Bxf2+ 38. Kxf2 Kxe4 0-1

[Event "GER-ch Seniors 65 31st"]
[Site "Radebeul"]
[Date "2019.05.04"]
[Round "9"]
[White "Krotofil, Kurt"]
[Black "Petzold, Hans"]
[Result "1/2-1/2"]
[WhiteElo "1840"]
[BlackElo "2017"]
[PlyCount "62"]
[EventDate "2019.04.26"]
[EventType "swiss"]
[EventRounds "9"]
[EventCountry "GER"]
[SourceTitle "CBM 190 Extra"]
[Source "ChessBase"]
[SourceDate "2019.07.15"]
[SourceVersion "1"]
[SourceVersionDate "2019.07.15"]
[SourceQuality "1"]

1. d4 Nf6 2. c4 e6 3. Nc3 Bb4 4. Qc2 Nc6 5. Nf3 d6 6. Bd2 e5 7. e3 0-0 8. d5 Bxc3 9. Bxc3 Ne7 10. Bd3 c5 11. Ng5 h6 12. Nh7 Nxh7 13. Bxh7+ Kh8 14. Bd3 f5 15. f4 b5 16. b3 e4 17. Be2 b4 18. Bb2 Bd7 19. Kd2 a5 20. h3 a4 21. Rag1 Kh7 22. g4 axb3 23. axb3 g6 24. gxf5 Bxf5 25. Bg4 Qe8 26. Ra1 Qd7 27. Rxa8 Rxa8 28. Ra1 Qc8 29. Rxa8 Qxa8 30. Qb1 Qc8 31. Ba1 Qf8 1/2-1/2

[Event "Hamburg-ch Seniors 65+"]
[Site "Hamburg"]
[Date "2018.11.08"]
[Round "9"]
[White "Krotofil, Kurt"]
[Black "Hawranke, Dietrich"]
[Result "1-0"]
[WhiteElo "1900"]
[BlackElo "2110"]
[PlyCount "65"]
[EventDate "2018.10.31"]
[EventType "swiss"]
[EventRounds "9"]
[EventCountry "GER"]
[SourceTitle "CBM 189 Extra"]
[Source "ChessBase"]
[SourceDate "2019.06.03"]
[SourceVersion "1"]
[SourceVersionDate "2019.06.03"]
[SourceQuality "1"]

1. d4 Nf6 2. c4 g6 3. Nc3 d5 4. Bf4 Bg7 5. e3 c6 6. Nf3 0-0 7. Be2 Qa5 8. 0-0 Nbd7 9. a3 dxc4 10. Bxc4 Nb6 11. b4 Qh5 12. Be2 Nbd5 13. Nxd5 Nxd5 14. Ng5 Qh4 15. g3 Qh6 16. Nxf7 Qh3 17. Ng5 Qd7 18. Qb3 h6 19. Nf3 Kh7 20. Be5 Nf6 21. Bd3 Qh3 22. Bxf6 Rxf6 23. Ne5 Qh5 24. Rfc1 Be6 25. Qc2 Bd5 26. Be2 Qh3 27. Bf1 Qe6 28. Bd3 Raf8 29. f4 Kg8 30. Bxg6 Qh3 31. e4 Rxg6 32. Nxg6 Bxd4+ 33. Kh1 1-0

[Event "GER-ch Seniors 65"]
[Site "Hamburg"]
[Date "2018.07.28"]
[Round "8"]
[White "Krotofil, Kurt"]
[Black "Waagener, Ulrich"]
[Result "1/2-1/2"]
[WhiteElo "1894"]
[BlackElo "2112"]
[PlyCount "51"]
[EventDate "2018.07.21"]
[EventType "swiss"]
[EventRounds "9"]
[EventCountry "GER"]
[SourceTitle "CBM 186 Extra"]
[Source "ChessBase"]
[SourceDate "2018.08.24"]
[SourceVersion "1"]
[SourceVersionDate "2018.08.24"]
[SourceQuality "1"]

1. d4 Nf6 2. c4 e6 3. Nc3 Bb4 4. Qc2 d6 5. a3 Bxc3+ 6. Qxc3 b6 7. Nf3 Bb7 8. g3 0-0 9. Bg2 Nbd7 10. 0-0 Qe7 11. b4 e5 12. e3 exd4 13. exd4 Rae8 14. Re1 Qd8 15. Bb2 Ne4 16. Qc2 Ndf6 17. d5 Qd7 18. Nd4 Ng5 19. Qf5 h6 20. Qxd7 Nxd7 21. Nf5 Ne5 22. Rec1 Bc8 23. Nd4 Nd3 24. Rc2 Ne1 25. Rcc1 Nd3 26. Rc2 1/2-1/2

[Event "GER-ch Seniors 65"]
[Site "Hamburg"]
[Date "2018.07.24"]
[Round "4"]
[White "Keuneke, Hanno"]
[Black "Krotofil, Kurt"]
[Result "1/2-1/2"]
[WhiteElo "1750"]
[BlackElo "1894"]
[PlyCount "104"]
[EventDate "2018.07.21"]
[EventType "swiss"]
[EventRounds "9"]
[EventCountry "GER"]
[SourceTitle "CBM 186 Extra"]
[Source "ChessBase"]
[SourceDate "2018.08.24"]
[SourceVersion "1"]
[SourceVersionDate "2018.08.24"]
[SourceQuality "1"]

1. e4 c5 2. Nf3 Nc6 3. d4 cxd4 4. Nxd4 Nf6 5. Nc3 e5 6. Ndb5 d6 7. Bg5 a6 8. Na3 b5 9. Nd5 Be7 10. Bxf6 Bxf6 11. c3 Bg5 12. Nc2 0-0 13. a4 bxa4 14. Rxa4 Rb8 15. Bxa6 Rxb2 16. Bc4 Na5 17. Bd3 Nb3 18. 0-0 Nc5 19. Rb4 Nxd3 20. Qxd3 Ra2 21. Rfb1 Ba6 22. Qd1 g6 23. Rb6 Bc4 24. Nde3 Be6 25. Qxd6 Qxd6 26. Rxd6 Rc8 27. Nb4 Ra3 28. Ned5 Rca8 29. h3 Ra1 30. Rxa1 Rxa1+ 31. Kh2 Re1 32. f3 Rc1 33. Nd3 Rc2 34. Nxe5 Bxd5 35. Rxd5 Bf4+ 36. Kg1 Bg3 37. Nd3 h5 38. Kf1 Rxc3 39. Ke2 Rc2+ 40. Kf1 Ra2 41. Rc5 Rd2 42. Rd5 Rd1+ 43. Ke2 Rg1 44. f4 Rxg2+ 45. Kf3 Rg1 46. Rg5 h4 47. f5 Kg7 48. fxg6 f6 49. Rg4 Rd1 50. Ke2 Ra1 51. Nf4 Bxf4 52. Rxf4 Kxg6 1/2-1/2

[Event "Hamburg-ch MB"]
[Site "Hamburg"]
[Date "2018.05.27"]
[Round "9"]
[White "Krotofil, Kurt"]
[Black "Von Elsner, Mathias"]
[Result "1/2-1/2"]
[WhiteElo "1896"]
[BlackElo "1802"]
[PlyCount "36"]
[EventDate "2018.05.19"]
[EventType "swiss"]
[EventRounds "9"]
[EventCountry "GER"]
[SourceTitle "EXT 2020"]
[Source "ChessBase"]
[SourceDate "2019.10.17"]
[SourceVersion "1"]
[SourceVersionDate "2019.10.17"]
[SourceQuality "1"]

1. d4 d5 2. c4 c6 3. Nf3 Nf6 4. Nc3 dxc4 5. a4 Bf5 6. e3 e6 7. Bxc4 Bb4 8. 0-0 Nbd7 9. Qb3 a5 10. Bd2 0-0 11. Rfe1 Bg4 12. Be2 Qe7 13. h3 Bh5 14. Rad1 c5 15. Nb5 cxd4 16. Nfxd4 Bxe2 17. Rxe2 Nd5 18. e4 Nc5 1/2-1/2

[Event "Hamburg-ch MB"]
[Site "Hamburg"]
[Date "2018.05.26"]
[Round "8"]
[White "Herlan, Klaus Juergen"]
[Black "Krotofil, Kurt"]
[Result "1/2-1/2"]
[WhiteElo "1966"]
[BlackElo "1896"]
[PlyCount "29"]
[EventDate "2018.05.19"]
[EventType "swiss"]
[EventRounds "9"]
[EventCountry "GER"]
[SourceTitle "EXT 2020"]
[Source "ChessBase"]
[SourceDate "2019.10.17"]
[SourceVersion "1"]
[SourceVersionDate "2019.10.17"]
[SourceQuality "1"]

1. d4 Nf6 2. Bf4 d6 3. Nc3 Nbd7 4. Nf3 c5 5. e3 a6 6. a4 e6 7. Be2 Be7 8. h3 0-0 9. 0-0 Qc7 10. Bh2 b6 11. e4 Bb7 12. e5 dxe5 13. Nxe5 Bd6 14. Bf3 Bxf3 15. Nxf3 1/2-1/2

[Event "Lueneburg op-A"]
[Site "Lueneburg"]
[Date "2017.07.16"]
[Round "9"]
[White "Krotofil, Kurt"]
[Black "Reuter, Elisa"]
[Result "1-0"]
[WhiteElo "1955"]
[BlackElo "1648"]
[PlyCount "67"]
[EventDate "2017.07.08"]
[EventType "swiss"]
[EventRounds "9"]
[EventCountry "GER"]
[SourceTitle "CBM 179 Extra"]
[Source "ChessBase"]
[SourceDate "2017.08.23"]
[SourceVersion "1"]
[SourceVersionDate "2017.08.23"]
[SourceQuality "1"]

1. d4 Nf6 2. c4 g6 3. Nc3 d5 4. Bf4 Bg7 5. e3 c6 6. Nf3 0-0 7. Bd3 c5 8. 0-0 Nc6 9. cxd5 Nxd5 10. Nxd5 Qxd5 11. e4 Qd8 12. d5 Nd4 13. Nxd4 cxd4 14. Qd2 Re8 15. Rac1 e6 16. Bb5 e5 17. Bg5 f6 18. Bxe8 Qxe8 19. Bh6 Qd8 20. Bxg7 Kxg7 21. Qb4 a5 22. Qc5 b6 23. Qc7+ Qxc7 24. Rxc7+ Kh6 25. Rfc1 Ba6 26. f3 Bb5 27. Kf2 d3 28. Ke3 f5 29. Rc8 f4+ 30. Kd2 Ra6 31. R1c7 Kg5 32. Rxh7 a4 33. h4+ Kf6 34. Rf8# 1-0

[Event "Lueneburg op-A"]
[Site "Lueneburg"]
[Date "2017.07.14"]
[Round "7"]
[White "Krotofil, Kurt"]
[Black "Grote, Dirk"]
[Result "0-1"]
[WhiteElo "1955"]
[BlackElo "2115"]
[PlyCount "48"]
[EventDate "2017.07.08"]
[EventType "swiss"]
[EventRounds "9"]
[EventCountry "GER"]
[SourceTitle "CBM 179 Extra"]
[Source "ChessBase"]
[SourceDate "2017.08.23"]
[SourceVersion "1"]
[SourceVersionDate "2017.08.23"]
[SourceQuality "1"]

1. d4 d5 2. c4 c6 3. Nf3 Nf6 4. Nc3 dxc4 5. a4 Bf5 6. e3 e6 7. Bxc4 Bb4 8. 0-0 Nbd7 9. Bd3 Bxd3 10. Qxd3 0-0 11. e4 Bxc3 12. bxc3 Nc5 13. Qb1 Ncxe4 14. Qxb7 Nxc3 15. Ba3 Re8 16. Ne5 Qxd4 17. Qxf7+ Kh8 18. Rae1 Nce4 19. Nf3 Qxa4 20. Re3 c5 21. Ne5 Ng5 22. Qc7 Nd5 23. Qxc5 Rac8 24. Qd6 Red8 0-1

[Event "Schleswig Holstein-ch Seniors op 10th"]
[Site "Buesum"]
[Date "2016.10.02"]
[Round "7"]
[White "Krotofil, Kurt"]
[Black "Cordes, Lothar"]
[Result "1-0"]
[WhiteElo "1975"]
[BlackElo "1857"]
[PlyCount "61"]
[EventDate "2016.09.26"]
[EventType "swiss"]
[EventRounds "9"]
[EventCountry "GER"]
[SourceTitle "EXT 2019"]
[Source "ChessBase"]
[SourceDate "2018.10.10"]
[SourceVersion "1"]
[SourceVersionDate "2018.10.10"]
[SourceQuality "1"]

1. d4 Nf6 2. c4 e6 3. Nc3 d5 4. Bg5 c6 5. e3 Nbd7 6. Nf3 Be7 7. Bd3 h6 8. Bh4 0-0 9. 0-0 dxc4 10. Bxc4 b5 11. Bd3 a6 12. Rc1 c5 13. dxc5 Nxc5 14. Bb1 Bb7 15. Nd4 Nce4 16. f3 Nxc3 17. Rxc3 Rc8 18. Bxf6 Bxf6 19. Qc2 g6 20. Nxe6 Rxc3 21. bxc3 fxe6 22. Qxg6+ Bg7 23. Qxe6+ Kh8 24. Qg6 Kg8 25. Bc2 Rf6 26. Qh7+ Kf8 27. Rd1 Qe7 28. Bb3 Ke8 29. Kf2 Rf8 30. Qg6+ Rf7 31. Qxf7+ 1-0

[Event "Pinneberg-ch"]
[Site "Pinneberg"]
[Date "2016.09.15"]
[Round "3"]
[White "Krotofil, Kurt"]
[Black "Kaland, Joachim"]
[Result "1-0"]
[WhiteElo "1850"]
[BlackElo "1498"]
[PlyCount "71"]
[EventDate "2016.09.01"]
[EventType "swiss"]
[EventRounds "7"]
[EventCountry "GER"]
[SourceTitle "EXT 2018"]
[Source "ChessBase"]
[SourceDate "2017.10.13"]
[SourceVersion "1"]
[SourceVersionDate "2017.10.13"]
[SourceQuality "1"]

1. d4 e6 2. c4 Nf6 3. Nc3 Bb4 4. Qc2 c5 5. dxc5 Bxc5 6. Bf4 Nc6 7. Nf3 0-0 8. e3 Re8 9. Be2 e5 10. Bg5 h6 11. Bxf6 Qxf6 12. 0-0 Qd8 13. Rfd1 Bb6 14. Nd5 Bc7 15. a3 b6 16. Rd2 e4 17. Nd4 Bb7 18. Nxc7 Qxc7 19. Nb5 Qd8 20. Nd6 Qc7 21. Nxe8 Rxe8 22. Rad1 Ne5 23. Qa4 Bc6 24. Qb4 a5 25. Qd6 Qb7 26. b4 Re6 27. Qd4 axb4 28. axb4 Qc7 29. Ra1 Qd8 30. b5 Bb7 31. Ra7 Qc7 32. Rda2 Kh7 33. Qxe4+ Bxe4 34. Rxc7 Rd6 35. f3 Bd3 36. Rd2 1-0

[Event "Lueneburg op-A"]
[Site "Lueneburg"]
[Date "2016.07.02"]
[Round "3"]
[White "Deschner, Juergen"]
[Black "Krotofil, Kurt"]
[Result "0-1"]
[WhiteElo "1788"]
[BlackElo "1976"]
[PlyCount "84"]
[EventDate "2016.07.01"]
[EventType "swiss"]
[EventRounds "9"]
[EventCountry "GER"]
[SourceTitle "CBM 173 Extra"]
[Source "ChessBase"]
[SourceDate "2016.08.29"]
[SourceVersion "1"]
[SourceVersionDate "2016.08.29"]
[SourceQuality "1"]

1. Nf3 Nf6 2. g3 d5 3. Bg2 c5 4. 0-0 Nc6 5. d3 e5 6. Nbd2 Be7 7. c3 0-0 8. Qc2 Be6 9. h3 h6 10. Re1 Qd7 11. Kh2 Rfd8 12. e4 dxe4 13. dxe4 Rac8 14. Bf1 Nh7 15. Nc4 f6 16. Ne3 Ng5 17. Nxg5 hxg5 18. Rd1 Qe8 19. Rxd8 Rxd8 20. Be2 Qg6 21. Nf5 Kf7 22. Be3 Qh7 23. Kg2 g6 24. Nxe7 Qxh3+ 25. Kg1 Rh8 26. Bf3 Nxe7 27. b3 b6 28. Bg2 Qh2+ 29. Kf1 Bh3 30. Bxh3 Qh1+ 31. Ke2 Qxa1 32. Bg2 Qg1 33. Bf3 Rh2 34. b4 f5 35. Qb3+ Kf6 36. exf5 gxf5 37. Bd5 Rh7 38. bxc5 bxc5 39. Bxc5 Qc1 40. Qc4 Qc2+ 41. Ke1 Nxd5 42. Qxd5 Rh1+ 0-1

[Event "Hessen-ch Seniors op 12th"]
[Site "Bad Sooden-Allendorf"]
[Date "2016.05.08"]
[Round "9"]
[White "Hassenrueck, Helmut"]
[Black "Krotofil, Kurt"]
[Result "1-0"]
[WhiteElo "2252"]
[BlackElo "1975"]
[PlyCount "71"]
[EventDate "2016.04.30"]
[EventType "swiss"]
[EventRounds "9"]
[EventCountry "GER"]
[SourceTitle "EXT 2019"]
[Source "ChessBase"]
[SourceDate "2018.10.10"]
[SourceVersion "1"]
[SourceVersionDate "2018.10.10"]
[SourceQuality "1"]

1. d4 Nf6 2. Nf3 g6 3. c4 c5 4. Nc3 cxd4 5. Nxd4 Bg7 6. e4 d6 7. Be2 0-0 8. 0-0 Nc6 9. Be3 Bd7 10. Qd2 Rc8 11. f3 a6 12. Rfd1 Ne5 13. b3 Re8 14. a4 Qa5 15. Rac1 Nc6 16. Nc2 Be6 17. Nd5 Qxd2 18. Rxd2 Na5 19. Rb1 Nxd5 20. exd5 Bd7 21. Bb6 Nxb3 22. Rxb3 Bxa4 23. Ra3 Bd7 24. Bd4 Bh6 25. Rd1 e6 26. Be3 Bg7 27. Nb4 exd5 28. Nxd5 Be6 29. Kf2 Kf8 30. Rb3 Rb8 31. Ba7 Ra8 32. Rxb7 Bc8 33. Rc7 Bh6 34. Bd4 Bg5 35. Nf6 Bxf6 36. Bxf6 1-0